Ховордсон ан амьтан (Бичлэгийн дугаар. 818262)

MARC дэлгэрэнгүй
000 -Удирдлага
Ном зүйн бүртгэл тоо буюу кодлох утгыг агуулсан 00607nam a22002057a 4500
008 - ЕРӨНХИЙ МЭДЭЭЛЭЛ-ЭЛЕМЕНТҮҮДИЙН ӨГӨГДЛИЙН УРТ
fixed length control field 240606b mp ||||| |||| 00| 0 mon d
035 ## - СИСТЕМИЙН ХЯНАЛТЫН ДУГААР
Системийн хяналтын дугаар 18965
040 ## - ЭХ СУРВАЛЖИЙГ ТОДОРХОЙЛОН БИЧИХ
Анхны каталогийн байгууллага BU0183120
Каталогийн хэл Монгол
Бичлэг хийж нэвтрүүлэх байгууллага MN-UlNLM
Өөрчлүүлэх байгууллага MN-UlNLM
Бичиглэлийн тодорхойлолт rda
041 ## - ХЭЛНИЙ КОД
Текстийн хэлний код/фонограм буюу салангид гарчиг Монгол
084 ## - БУСАД АНГИЛЛЫН ДУГААР
Ангиллын нэр Номын сан номзүйн ангилал
Анги 28.69(0)
Зохиогчийн 3-н тэмдэгт К 921
100 ## - ЗОХИОГЧИЙН ХЭСЭГ
Зохиогчийн нэр Куппэр Х.
245 #0 - ҮНДСЭН ГАРЧИГ
Гарчиг Ховордсон ан амьтан
264 ## - ГАРАЛТЫН МЭДЭЭ
Хэвлэгдсэн газар Улаанбаатар
Бүтээгч, хэвлэгч, түгээгч, үйлдвэрлэгчийн нэр Монсудар хэвлэлийн газар
Хэвлэгдсэн он 2005
300 ## - ТООНЫ МЭДЭЭ
Хуудасны тоо 20 х.
336 ## - АГУУЛГЫН ТӨРӨЛ
Нөөц rdacontent
Агуулгын төрлийн нөхцөл text
Агуулгын төрлийн код txt
337 ## - MEDIA TYPE
Эх сурвалж rdamedia
Файлын төрөл unmediated
Файлын код n
338 ## - CARRIER TYPE
Source rdacarrier
Carrier type term volume
Carrier type code nc
490 ## - БОТИЙН/ЦУВРАЛЫН ТУХАЙ МЭДЭЭ
Ботийн/Цувралын дугаар 0
942 ## - ЭЛЕМЕНТИЙН ТӨРӨЛ
Анги Номын сан номзүйн ангилал
Төрөл Ном
Захиалгууд
Буцаан татагдсан төлөв Хасагдсан шалтгаан Гэмтсэн төлөв Данс заагч Захиалах боломжгүй Үндсэн номын сан Одоогийн байршил Салбар танхим Салбар танхим Бүртгэсэн огноо Тавиурын заалт Баркод Үнэ Хамгийн сүүлд байсан огноо Нийт уншлаганд гарсан тоо Дансны дугаар Төрөл
          Баян-Өлгий аймаг Баян-Өлгий аймаг Баян-Өлгий | 1-Хүүхдийн уншлагын танхим Баян-Өлгий | 1-Хүүхдийн уншлагын танхим 2024-06-08 28.69(0) 28.6 BU01818965-2-1 625.00 2024-06-08   79382 Ном
          Баян-Өлгий аймаг Баян-Өлгий аймаг Баян-Өлгий | 1-Хүүхдийн уншлагын танхим Баян-Өлгий | 1-Хүүхдийн уншлагын танхим 2024-06-08 28.69(0) 28.6я5 BU01818965-2-4 625.00 2024-06-08   77501 Ном
          Баян-Өлгий аймаг Баян-Өлгий аймаг Баян-Өлгий | 1-Хүүхдийн уншлагын танхим Баян-Өлгий | 1-Хүүхдийн уншлагын танхим 2024-06-08 28.69(0) 84(5Мон) BU01818965-2-5 800.00 2024-06-08   85737 Ном
          Баян-Өлгий аймаг Баян-Өлгий аймаг Баян-Өлгий | 1-Хүүхдийн уншлагын танхим Баян-Өлгий | 1-Хүүхдийн уншлагын танхим 2024-06-08 28.69(0) 82.3(5Мон) BU01818965-2-6 625.00 2024-06-08   77502 Ном
          Баян-Өлгий аймаг Баян-Өлгий аймаг Баян-Өлгий | 1-Хүүхдийн уншлагын танхим Баян-Өлгий | 1-Хүүхдийн уншлагын танхим 2024-06-08 28.69(0) 84(5Мон)-9 BU01818965-2-7 625.00 2024-06-08   77503 Ном